Rome et Carthage : 509-29 av. J.-C. (notice n° 1925372)

détails MARC
000 -LEADER
fixed length control field 01511cam a2200133 4500500
005 - DATE AND TIME OF LATEST TRANSACTION
control field 20260329023206.0
041 ## - LANGUAGE CODE
Language code of text/sound track or separate title fre
042 ## - AUTHENTICATION CODE
Authentication code dc
100 10 - MAIN ENTRY--PERSONAL NAME
Personal name Fauquier, Michel
Relator term author
245 00 - TITLE STATEMENT
Title Rome et Carthage : 509-29 av. J.-C.
260 ## - PUBLICATION, DISTRIBUTION, ETC.
Name of publisher, distributor, etc. Armand Colin,<br/>
Date of publication, distribution, etc. 2020.<br/>
520 ## - SUMMARY, ETC.
Summary, etc. Ce manuel synthétique répond à la prochaine question d’option au concours de l’ENS de 2021. La période étudiée correspond au moment de la pleine expansion de Rome, après qu’elle a maîtrisé l’Italie, c’est également le moment de la mise en place du système provincial. Cette période s’ouvre sur une date importante dans l’historiographie romaine  : 509 a. C., date traditionnelle de l’institution de la République à Rome, et celle de la signature du premier traité connu entre celle-ci et Carthage.Autant 509 cache des enjeux historiographiques lourds de sens, autant l’année 29, date de la fondation de la Colonia Iulia Concordia Karthago, passerait pour presque banale. Toutefois, il est frappant de constater que c’est précisément à cette époque, entre 31 et 27, qu’Octavien est en train de faire subir à Rome son second bouleversement institutionnel, fondant ainsi ce que les historiens appellent «  le Principat  ». Ainsi, l’histoire des relations entre Rome et Carthage aura-t-elle correspondu chronologiquement peu ou prou à celle de la République romaine.
856 41 - ELECTRONIC LOCATION AND ACCESS
Uniform Resource Identifier <a href="https://shs.cairn.info/rome-et-carthage--9782200630133?lang=fr&redirect-ssocas=7080">https://shs.cairn.info/rome-et-carthage--9782200630133?lang=fr&redirect-ssocas=7080</a>

Pas d'exemplaire disponible.

PLUDOC

PLUDOC est la plateforme unique et centralisée de gestion des bibliothèques physiques et numériques de Guinée administré par le CEDUST. Elle est la plus grande base de données de ressources documentaires pour les Étudiants, Enseignants chercheurs et Chercheurs de Guinée.

Adresse

627 919 101/664 919 101

25 boulevard du commerce
Kaloum, Conakry, Guinée

Réseaux sociaux

Powered by Netsen Group @ 2025